Anvārulqur’ān: (Record no. 614167)

000 -LEADER
fixed length control field 02012nam a22002777a 4500
040 ## - CATALOGING SOURCE
Transcribing agency NSHS
082 ## - DEWEY DECIMAL CLASSIFICATION NUMBER
Classification number 297.1226
Author Mark MUR
100 1# - MAIN ENTRY--PERSONAL NAME
Personal name Murtaẓá, Malik G̲h̲ulām
9 (RLIN) 129573
245 1# - TITLE STATEMENT
Title Anvārulqur’ān:
Remainder of title Qur’ān-i Karīm kī sūratoṇ kā ta̒āruf o talk̲h̲īṣ, maẓāmīn-i Qurʼān aur muntakhab āyāt kī tafsīr /
Statement of responsibility, etc. Muṣannifah Malik G̲h̲ulām Murtaẓá.
246 ## - VARYING FORM OF TITLE
Title proper/short title Anvarulquran / Malik Ghulam Murtaza
246 ## - VARYING FORM OF TITLE
Title proper/short title Anwarulquran
246 ## - VARYING FORM OF TITLE
Title proper/short title Anwaarulquran
246 ## - VARYING FORM OF TITLE
Title proper/short title Anwaar-ul-Quran
246 ## - VARYING FORM OF TITLE
Title proper/short title Anwar-ul-Quran
246 ## - VARYING FORM OF TITLE
Title proper/short title Qur’ān-i Karīm kī sūratoṇ kā ta̒āruf o talk̲h̲īṣ
250 ## - EDITION STATEMENT
Edition statement Jild avval, Dvm
260 ## - PUBLICATION, DISTRIBUTION, ETC.
Place of publication, distribution, etc. [Rāvalpinḍī]:
Name of publisher, distributor, etc. Sarvisiz Buk Klab,
Date of publication, distribution, etc. 1998.
300 ## - PHYSICAL DESCRIPTION
Extent 982 pages
500 ## - GENERAL NOTE
General note Religion
500 ## - GENERAL NOTE
General note Ikkīsavīn ṣadī ke tanāẓur meṅ pahlī jamʻī tafsīr
520 ## - SUMMARY, ETC.
Summary, etc. Anvārul-Qur’ān is a valuable work that provides a brief introduction and summary of each surah of the Qur’an. The author aims to help readers understand the central theme and message of every chapter. Each surah is presented with its historical context, key topics, and spiritual significance. The book simplifies complex verses, making them accessible to general readers. It highlights the unity, mercy, guidance, and justice found throughout the Qur’an. The work connects the teachings of the Qur’an to everyday life and moral values. It serves as a helpful guide for students and those beginning Qur’anic study. The language is clear, concise, and spiritually enriching. The summaries are grounded in classical Islamic scholarship. It encourages reflection and deeper engagement with the Qur’anic text. The author also clarifies common misunderstandings in interpretation. Overall, it’s an excellent tool for understanding the structure and message of the Holy Qur’an.
546 ## - LANGUAGE NOTE
Language note In Urdu.
650 #0 - SUBJECT ADDED ENTRY--TOPICAL TERM
Source of heading or term Koran Criticism, interpretation, etc
9 (RLIN) 461
942 ## - ADDED ENTRY ELEMENTS (KOHA)
Source of classification or shelving scheme
Koha item type Book
Holdings
Withdrawn status Lost status Source of classification or shelving scheme Damaged status Not for loan Permanent Location Current Location Date acquired Full call number Barcode Date last seen Copy number Price effective from Koha item type
        In Processing NUST School of Health Sciences (NSHS) NUST School of Health Sciences (NSHS) 07/09/2025 297.1226 MUR NSHS-1977 07/09/2025 jild.1 07/09/2025 Book
        In Processing NUST School of Health Sciences (NSHS) NUST School of Health Sciences (NSHS) 07/10/2025 297.1226 MUR NSHS-1978 07/10/2025 jild.2 07/10/2025 Book
© 2023 Central Library, National University of Sciences and Technology. All Rights Reserved.